Normal view MARC view

Entry Personal Name

Number of records used in: 1

001 - CONTROL NUMBER

  • control field: 308770

003 - CONTROL NUMBER IDENTIFIER

  • control field: DLC

005 - DATE AND TIME OF LATEST TRANSACTION

  • control field: 20251203104009.0

008 - FIXED-LENGTH DATA ELEMENTS

  • fixed length control field: 230628n| azannabbn |n aaa c

010 ## - LIBRARY OF CONGRESS CONTROL NUMBER

  • LC control number: no2023073603

035 ## - SYSTEM CONTROL NUMBER

  • System control number: (OCoLC)oca15431405

040 ## - CATALOGING SOURCE

  • Original cataloging agency: OU
  • Language of cataloging: eng
  • Description conventions: rda
  • Transcribing agency: OU
  • Modifying agency: MY-SjTCS

100 1# - HEADING--PERSONAL NAME

  • Personal name: Bates, Anna

370 ## - ASSOCIATED PLACE

  • Associated country: Azerbaijan
  • Associated country: United States
  • Place of residence/headquarters: Baku (Azerbaijan)
  • Place of residence/headquarters: New York (N.Y.)
  • Source of term: naf

372 ## - FIELD OF ACTIVITY

  • Field of activity: Interior decoration
  • Field of activity: Architectural design
  • Source of term: lcsh

373 ## - ASSOCIATED GROUP

  • Associated group: Annvil
  • Associated group: Cobalt (Baku, Azerbaijan)
  • Associated group: Make Make (New York, N.Y.)

374 ## - OCCUPATION

  • Occupation: Interior decorators
  • Occupation: Designers
  • Source of term: lcsh

375 ## - GENDER

  • Gender: female

377 ## - ASSOCIATED LANGUAGE

  • Language code: eng

670 ## - SOURCE DATA FOUND

  • Source citation: 111 inception, 2022, ©2022:
  • Information found: title page (Anna Bates) colophon (she is an interior designer, founder of Annvil and main creative force behind the office's extensive portfolio, established Cobalt in 2017, an architecture and design company in Baku, Azerbaijan; in 2021 in collaboration with two local partners, launched the Make Make design office in New York)